000 00604nam a2200169 i 4500
001 22102
003 ES-MaACL
005 20250831121724.0
007 t|
008 021211s1883 sp ||||1| spa d
110 2 _aAsociación para la Reforma de los Aranceles de Aduanas
_91779
245 1 0 _aMeeting libre-cambista celebrado en el teatro de la Comedia el día 24 de junio de 1883
_b: tema, estado actual de la cuestión arancelaria.
260 _aMadrid :
_b[s.n.],
_c1883 (
_fImp. de E. de la Riva)
300 _a53 p. ;
_c21 cm.
852 _aES-MaACL
_jT-372-F-9
999 _c22102
_d22102